00474nam a2200181Ia 450000500170000000800410001704000190005804100120007708200170008910000220010624500570012825000120018526000330019730000160023050400200024665000150026685000110028120240416152004.0131103s9999 xx 000 0 und d aLoreto College aEnglish a370.15 bBHA aBhaatia. Hans Raj aElements of Educational PsychologycHans Raj Bhaatia a5th ed. aBombaybOrient longmanc1982 aviii,558p.  aIncludes index aPsychology aLCBED